| 000 | 00529nam a2200205Ia 4500 | ||
|---|---|---|---|
| 003 | PILC | ||
| 005 | 20150511094053.0 | ||
| 008 | 140130s9999 xx 000 0 und d | ||
| 020 | _a9780439757812 | ||
| 050 |
_aPZ 7 _b.So6984 2007 |
||
| 100 |
_aSonnenblick, Jordan _924114 |
||
| 245 |
_aNotes from the midnight driver / _cJordan Sonnenblick. |
||
| 260 |
_aUSA : _bScholastic, _c2007. |
||
| 300 |
_a265 pages : _c20 cm. |
||
| 440 |
_v1 _931174 |
||
| 526 | _c930 | ||
| 650 | _aFiction. | ||
| 942 |
_cBK _2lcc |
||
| 999 |
_c283924 _d283924 |
||